Religion Quiz

Random Religion Quiz
Score 0/113 Timer 14:00
0 Plays Today
Word % Correct
the
100%
the
100%
and
100%
the
100%
and
100%
and
100%
the
100%
the
100%
and
100%
the
100%
and
100%
the
100%
the
100%
you
87.5%
you
87.5%
You
87.5%
are
87.5%
Holy
87.5%
One
87.5%
You
87.5%
You
87.5%
are
87.5%
One
87.5%
Holy
87.5%
Holy
87.5%
are
87.5%
One
87.5%
You
87.5%
are
87.5%
Holy
87.5%
One.
87.5%
I
75%
I
75%
I
75%
I
75%
I
75%
I
75%
I
75%
Word % Correct
He
62.5%
is
62.5%
is
62.5%
my
50%
my
50%
in
50%
my
50%
my
50%
to
37.5%
for
37.5%
to
37.5%
to
37.5%
for
37.5%
for
37.5%
to
37.5%
has
25%
that
25%
all
25%
will
25%
your
25%
will
25%
all
25%
your
25%
all
25%
your
25%
When
25%
will
25%
all
25%
so
25%
can
25%
will
25%
That
25%
Your
25%
will
25%
of
12.5%
world
12.5%
live
12.5%
declare
12.5%
Word % Correct
heart
12.5%
filled
12.5%
with
12.5%
praise
12.5%
sing
12.5%
call
12.5%
of
12.5%
live
12.5%
heart
12.5%
tell
12.5%
world
12.5%
worship
12.5%
name
12.5%
Unmistakable
0%
evidence
0%
established
0%
fact
0%
Creator
0%
sustainer
0%
glory
0%
shout
0%
days
0%
Want
0%
walk
0%
holiness
0%
Want
0%
stand
0%
ways
0%
say
0%
yes
0%
days
0%
Want
0%
die
0%
Resurrect
0%
again
0%
stand
0%
amazed
0%
Remove Ads.
Support Sporcle.
Get the best of Sporcle when you Go Orange. This ad-free experience offers more features, more stats, and more fun while also helping to support Sporcle. Thank you for becoming a member.

You're not logged in!

Compare scores with friends on all Sporcle quizzes.
OR
Log In

Show Comments

Extras

Created Aug 10, 2016ReportNominate
Tags:flood, Holy, sonic

Top Quizzes Today


Score Distribution

Your Account Isn't Verified!

In order to create a playlist on Sporcle, you need to verify the email address you used during registration. Go to your Sporcle Settings to finish the process.

Report this User

Report this user for behavior that violates our Community Guidelines.

Details: